¿Es válido el uso de medios tecnológicos en la manifestación de voluntad en el acuerdo de descanso vacacional? (Registro nro. 22616)
[ vista simple ]
| 000 -Cabecera | |
|---|---|
| Campo de control interno | 03288nam a2200337 4500 |
| 001 - Número de control | |
| control field | ESSALUD |
| 005 - Fecha y hora de la última transacción | |
| Campo de control | 20260702121651.0 |
| 007 - Tipo material - Descripcion fisica - info general | |
| Tipo material - Descripcion fisica - info general | ta |
| 008 - Elementos de Longitud Fija - Información General | |
| Elementos de Longitud Fija - Información | t pe ||||| |||| 00| 0 spa d |
| 040 ## - Origen de la Catalogación | |
| Origen de la Catalogación | BMG |
| 041 ## - Idioma | |
| Idioma | spa |
| 100 ## - Autor | |
| Autor | Guerrero Salcedo, Fiorella K. |
| Rol del Autor | Autor |
| 9 (RLIN) | 53118 |
| 245 ## - Titulo | |
| Titulo | ¿Es válido el uso de medios tecnológicos en la manifestación de voluntad en el acuerdo de descanso vacacional? |
| Subtitulo | Derecho al descanso vacacional y nuevas tecnologías en el Perú |
| 246 ## - Variante del Titulo | |
| Titulo | Is the use of technological means valid far expressing consent in a vacation leave agreement? |
| Subtitulo | The right to vacation leave and new technologies in Peru |
| 300 ## - Páginas | |
| Paginación | páginas 37-53 |
| 520 ## - Resumen | |
| Resumen | La incorporación progresiva de herramientas tecnológicas en la gestión de las relaciones laborales ha replanteado la forma en que se manifiesta la voluntad de las partes en actos jurídicos relevantes del vínculo de trabajo. En este contexto, surge el debate sobre la validez del uso de medios tecnológicos para celebrar acuerdos que inciden en derechos labora les de carácter indisponible, como el descanso vacacional. Si bien la normativa laboral peruana admite acuerdos sobre el goce vacacional, no regula expresamente la forma de manifestación de la voluntad ni exige, de manera general, un soporte físico. El artículo analiza la validez jurídica de la formalización del descanso vacacional mediante medios tecnológicos, considerando la naturaleza del derecho al descanso, los límites de la autonomía de la voluntad y las reglas generales sobre manifestación de voluntad, así como su compatibilidad con la protección efectiva de dicho derecho. |
| 520 ## - Resumen | |
| Resumen | The progressive incorporation of technological tools in the management of lobour<br/>relations has reshaped the way in which the parties' will is expressed in legally relevant acts<br/>within the employment relationship. In this context, a debate arises regarding the validity of using<br/>technological means to conclude agreements that affect non-waivable labour rights, such as<br/>annual leave Although Peruvian labour legislation allows agreements concerning the enjoyment<br/>of vacation leave, it does not expressly regulate the form of such manifestations of will nor does<br/>it generally requires a physical medium. This article examines the legal validity of formalizing<br/>vacation leave agreements through technological means, considering the legal nature of the right<br/>to rest, the limits of contractual autonomy in labour law, and the general rules governing the<br/>manifestation of will, as well as their compatibility with the effective protection of this right.<br/> |
| 650 ## - Temas - Descriptores | |
| Temas - Descriptores | DERECHO LABORAL |
| 9 (RLIN) | 207 |
| 650 ## - Temas - Descriptores | |
| Temas - Descriptores | DESCANSO VACACIONAL |
| 9 (RLIN) | 53119 |
| 650 ## - Temas - Descriptores | |
| Temas - Descriptores | MANIFESTACIÓN DE VOLUNTAD |
| 9 (RLIN) | 53120 |
| 650 ## - Temas - Descriptores | |
| Temas - Descriptores | MEDIOS TECNOLÓGICOS |
| 9 (RLIN) | 53121 |
| 650 ## - Temas - Descriptores | |
| Temas - Descriptores | DIGITALIZACIÓN DEL TRABAJO |
| 9 (RLIN) | 53122 |
| 650 ## - Temas - Descriptores | |
| Temas - Descriptores | DERECHO LABORAL |
| 9 (RLIN) | 207 |
| 650 ## - Temas - Descriptores | |
| Temas - Descriptores | LABOUR LAW |
| 9 (RLIN) | 53123 |
| 650 ## - Temas - Descriptores | |
| Temas - Descriptores | ANNUAL LEAVE |
| 9 (RLIN) | 53124 |
| 650 ## - Temas - Descriptores | |
| Temas - Descriptores | MANIFESTATION OF WILL |
| 9 (RLIN) | 53125 |
| 650 ## - Temas - Descriptores | |
| Temas - Descriptores | TECHNALOGICAL MEANS |
| 9 (RLIN) | 53126 |
| 650 ## - Temas - Descriptores | |
| Temas - Descriptores | DIGITALIZATION OF WORK |
| 9 (RLIN) | 53127 |
| 773 0# - Revista (Relacion con el numero) | |
| Host Biblionumber | 22614 |
| Host Itemnumber | 22623 |
| Ciudad, Editorial | Lima Grupo Praxis Formación Profesional, 2026- |
| Codigo barras item/ejemplar | PRALAB001 |
| Titulo de la Revista | Praxis Laboral & Procesal Laboral |
| Número de control de registro | ESSALUD |
| ISSN | 3119-768X |
| 942 ## - Elementos de Koha | |
| Tipo de Documento | Artículos |
| Fecha procesamiento | 2026-07-02 |
| Catalogador | SQB |
No hay ítems disponibles.